[Event "2. Bundesliga West 2012/13"]
[Site "Hohenems"]
[Date "2012.10.05"]
[Round "1"]
[Board "5"]
[White "Gaertner, Guntram"]
[Black "Bezler, Rainer"]
[Result "1/2-1/2"]
[WhiteElo "2331"]
[BlackElo "2242"]
[PlyCount "94"]
[EventDate "2012.10.05"]
[EventType "team"]
[EventRounds "11"]
[EventCountry "AUT"]
[WhiteTeam "Hohenems II"]
[BlackTeam "Bregenz"]

1. d4 d5 2. c4 e6 3. Nc3 c6 4. cxd5 exd5 5. Bf4 Bf5 6. e3 Nf6 7. Nge2 Nh5 8.
Be5 Nd7 9. Ng3 Nxg3 10. Bxg3 Be7 11. Bd3 Bxd3 12. Qxd3 O-O 13. O-O Bh4 14. Ne2
Re8 15. Rac1 Bxg3 16. Nxg3 Nf6 17. b4 a6 18. a4 Qd6 19. Rb1 Ne4 20. Nxe4 Rxe4
21. b5 c5 22. dxc5 Qxc5 23. bxa6 bxa6 24. Rfd1 Rxa4 25. Qxd5 Qxd5 26. Rxd5 g6
27. g3 Ra7 28. h4 h5 29. Rd8+ Kg7 30. Rbb8 Re4 31. Rb3 a5 32. Ra3 Kf6 33. Kf1
a4 34. Ke2 Rb4 35. Rd2 Rb3 36. Rda2 Rxa3 37. Rxa3 Ke5 38. Kd3 Kd5 39. e4+ Kc5
40. Kc3 Kb5 41. Kb2 Kc4 42. e5 Kd4 43. f4 Ke4 44. Rc3 Kf5 45. Ka3 Kg4 46. Re3
Kf5 47. Rc3 Kg4 1/2-1/2

[Event "2. Bundesliga West 2012/13"]
[Site "Salzburg"]
[Date "2012.10.05"]
[Round "1"]
[Board "1"]
[White "Prusikin, Michael"]
[Black "Schmidt, Georg"]
[Result "1-0"]
[WhiteElo "2543"]
[BlackElo "2347"]
[PlyCount "77"]
[EventDate "2012.10.05"]
[EventType "team"]
[EventRounds "11"]
[EventCountry "AUT"]
[WhiteTeam "SIR Bernhard"]
[BlackTeam "Mozart-Wals-Treuhand"]

1. d4 Nf6 2. c4 e6 3. Nc3 Bb4 4. e3 b6 5. Nge2 Ne4 6. Bd2 Nxd2 7. Qxd2 c5 8. a3
Ba5 9. g3 Bb7 10. d5 d6 11. Bg2 e5 12. O-O Ba6 13. b3 O-O 14. Qb2 Bxc3 15. Nxc3
Nd7 16. a4 Rb8 17. Rae1 Qe7 18. f4 Bc8 19. g4 h6 20. Qf2 Nf6 21. h3 a6 22. Qg3
Bd7 23. g5 hxg5 24. fxg5 Nh7 25. Ne4 f5 26. gxf6 Nxf6 27. Qh4 b5 28. axb5 axb5
29. Rf2 Rbe8 30. Ref1 bxc4 31. bxc4 Ra8 32. Rxf6 gxf6 33. Nxf6+ Rxf6 34. Rxf6
Qg7 35. Rf3 Be8 36. Rg3 Bg6 37. Kh2 Kf7 38. Qg4 Re8 39. Be4 1-0

[Event "2. Bundesliga West 2012/13"]
[Site "Salzburg"]
[Date "2012.10.05"]
[Round "1"]
[Board "2"]
[White "Panteleev, Petar"]
[Black "Geske, Julian"]
[Result "1/2-1/2"]
[WhiteElo "2306"]
[BlackElo "2391"]
[PlyCount "60"]
[EventDate "2012.10.05"]
[EventType "team"]
[EventRounds "11"]
[EventCountry "AUT"]
[WhiteTeam "Mozart-Wals-Treuhand"]
[BlackTeam "SIR Bernhard"]

1. d4 Nf6 2. Nf3 g6 3. Bg5 Bg7 4. Nbd2 d5 5. e3 O-O 6. Bd3 c5 7. c3 Qb6 8. Qb3
Nc6 9. Qxb6 axb6 10. Ke2 Bf5 11. Bxf5 gxf5 12. Bxf6 Bxf6 13. g3 Rfc8 14. a3 e6
15. Rab1 Na5 16. h3 h5 17. h4 c4 18. Ng5 Kg7 19. Nh3 Kh6 20. Nf4 b5 21. Rhg1
Rg8 22. Rge1 Be7 23. Kf1 Bd6 24. Nf3 Nc6 25. Ng5 Bxf4 26. exf4 Kg6 27. Nf3 Kf6
28. Ne5 Nxe5 29. Rxe5 Ra7 30. Ke1 Ra5 1/2-1/2

[Event "2. Bundesliga West 2012/13"]
[Site "Salzburg"]
[Date "2012.10.05"]
[Round "1"]
[Board "3"]
[White "Mons, Leon"]
[Black "Hanel, Reinhard"]
[Result "1/2-1/2"]
[WhiteElo "2338"]
[BlackElo "2286"]
[PlyCount "60"]
[EventDate "2012.10.05"]
[EventType "team"]
[EventRounds "11"]
[EventCountry "AUT"]
[WhiteTeam "SIR Bernhard"]
[BlackTeam "Mozart-Wals-Treuhand"]

1. e4 c5 2. Nf3 Nc6 3. d4 cxd4 4. Nxd4 Nf6 5. Nc3 e5 6. Ndb5 d6 7. Bg5 a6 8.
Na3 b5 9. Nd5 Be7 10. Bxf6 Bxf6 11. c4 b4 12. Nc2 Rb8 13. g3 O-O 14. b3 Be6 15.
Bg2 Bxd5 16. exd5 Nd4 17. Nxd4 exd4 18. O-O Re8 19. Qd3 a5 20. h4 Rb7 21. Rac1
Rc7 22. Bf3 g6 23. Kg2 h5 24. Rc2 Kg7 25. Ra1 Qb8 26. a3 bxa3 27. Rxa3 Qb6 28.
Rca2 Rb8 29. Bd1 Ra7 30. b4 Rba8 1/2-1/2

[Event "2. Bundesliga West 2012/13"]
[Site "Salzburg"]
[Date "2012.10.05"]
[Round "1"]
[Board "4"]
[White "Peterwagner, Heinz"]
[Black "Pitl, Gregory"]
[Result "1/2-1/2"]
[WhiteElo "2129"]
[BlackElo "2401"]
[PlyCount "84"]
[EventDate "2012.10.05"]
[EventType "team"]
[EventRounds "11"]
[EventCountry "AUT"]
[WhiteTeam "Mozart-Wals-Treuhand"]
[BlackTeam "SIR Bernhard"]

1. e4 c5 2. Ne2 Nc6 3. g3 d5 4. Nbc3 d4 5. Nb1 Bg4 6. Bg2 Ne5 7. d3 Bf3 8. O-O
Qd7 9. Nd2 Bxg2 10. Kxg2 g5 11. f4 gxf4 12. Nxf4 Nf6 13. Nf3 Ng6 14. Qe2 Bh6
15. Nd5 Bg7 16. Nxf6+ Bxf6 17. Bd2 h5 18. h3 h4 19. g4 Qc7 20. Qf2 O-O-O 21.
Rac1 e6 22. Ng5 Be7 23. Kh1 Rdf8 24. Qg2 Bd6 25. Rf3 Qe7 26. Rff1 f6 27. Nf3
Bg3 28. Rcd1 Qd6 29. Ng1 Nf4 30. Bxf4 Bxf4 31. Ne2 Be5 32. Rf3 Qa6 33. a3 Kb8
34. Rdf1 Rfg8 35. Qf2 Qd6 36. a4 a6 37. b3 Qc6 38. Qg2 Rg5 39. R3f2 Re8 40. Ng1
Rgg8 41. Ne2 Rg5 42. Ng1 Rgg8 1/2-1/2

[Event "2. Bundesliga West 2012/13"]
[Site "Salzburg"]
[Date "2012.10.05"]
[Round "1"]
[Board "5"]
[White "Huch, Reiner"]
[Black "Hamberger, Hermann"]
[Result "1-0"]
[WhiteElo "2317"]
[BlackElo "2114"]
[PlyCount "66"]
[EventDate "2012.10.05"]
[EventType "team"]
[EventRounds "11"]
[EventCountry "AUT"]
[WhiteTeam "SIR Bernhard"]
[BlackTeam "Mozart-Wals-Treuhand"]

1. Nf3 c5 2. c4 Nc6 3. e3 g6 4. d4 cxd4 5. exd4 Bg7 6. Be2 d5 7. cxd5 Qxd5 8.
Nc3 Qd8 9. d5 Nb8 10. O-O Nf6 11. Bg5 O-O 12. Re1 Nbd7 13. Bc4 h6 14. Bf4 Ne8
15. Qe2 Nd6 16. Bb3 g5 17. Be3 Nf6 18. Bd4 Re8 19. Ne5 Bf5 20. Rad1 Qa5 21. g4
Bh7 22. Qd2 Nb5 23. Nxb5 Qxb5 24. f4 Ne4 25. Qe3 Bf6 26. Qh3 Kg7 27. f5 Nd6 28.
Qe3 h5 29. Nf3 Kh6 30. h4 Rg8 31. Kf2 Bxf5 32. hxg5+ Bxg5 33. Nxg5 Rxg5 1-0

[Event "2. Bundesliga West 2012/13"]
[Site "Salzburg"]
[Date "2012.10.05"]
[Round "1"]
[Board "6"]
[White "Donegani, Peter"]
[Black "Durakovic, Alman"]
[Result "0-1"]
[WhiteElo "2083"]
[BlackElo "2205"]
[PlyCount "78"]
[EventDate "2012.10.05"]
[EventType "team"]
[EventRounds "11"]
[EventCountry "AUT"]
[WhiteTeam "Mozart-Wals-Treuhand"]
[BlackTeam "SIR Bernhard"]

1. e4 c5 2. Nf3 d6 3. d4 cxd4 4. Nxd4 Nf6 5. Nc3 a6 6. Be2 e5 7. Nb3 Be7 8. O-O
O-O 9. Be3 Be6 10. Qd2 Nbd7 11. a4 Rc8 12. a5 Qc7 13. Rfd1 Rfd8 14. Qe1 Qc6 15.
Bf3 Ra8 16. Nc1 b6 17. Nd3 bxa5 18. Rxa5 Rdb8 19. Nd5 Bxd5 20. exd5 Qc7 21. Nc1
Rxb2 22. Be2 Qxc2 23. Bxa6 Qc7 24. Nd3 Rb3 25. Rc1 Qd8 26. Rca1 Qb8 27. Nc1 Rb1
28. Rxb1 Qxb1 29. Bd3 Qb8 30. Rb5 Qc7 31. Qb4 Rb8 32. Rxb8+ Qxb8 33. Qa5 Bd8
34. Qa2 Bb6 35. Ne2 Bxe3 36. fxe3 Qb6 37. Qa8+ Nf8 38. Kf1 Qxe3 39. Qa3 e4 0-1

[Event "2. Bundesliga West 2012/13"]
[Site "Salzburg"]
[Date "2012.10.05"]
[Round "1"]
[Board "1"]
[White "Zelcic, Robert"]
[Black "Roth, Peter"]
[Result "1-0"]
[WhiteElo "2554"]
[BlackElo "2226"]
[PlyCount "51"]
[EventDate "2012.10.05"]
[EventType "team"]
[EventRounds "11"]
[EventCountry "AUT"]
[WhiteTeam "Schwarzach"]
[BlackTeam "ASK 1"]

1. e4 e6 2. d4 d5 3. Nc3 Bb4 4. Nge2 Nc6 5. a3 Ba5 6. e5 Nge7 7. Be3 Nf5 8. Ng3
Nxe3 9. fxe3 Qh4 10. Bd3 g6 11. O-O Rf8 12. Rf4 Qh6 13. Na4 Bd7 14. c3 Bb6 15.
Nxb6 axb6 16. Qe2 Ne7 17. Raf1 Qg7 18. Qg4 Qh6 19. Qf3 O-O-O 20. Nh1 Nf5 21. e4
g5 22. Rg4 dxe4 23. Bxe4 c6 24. Ng3 Nxg3 25. Rxg3 g4 26. Rxg4 1-0

[Event "2. Bundesliga West 2012/13"]
[Site "Salzburg"]
[Date "2012.10.05"]
[Round "1"]
[Board "2"]
[White "Harringer, Franz"]
[Black "Krstic, Uros"]
[Result "0-1"]
[WhiteElo "2214"]
[BlackElo "2466"]
[PlyCount "92"]
[EventDate "2012.10.05"]
[EventType "team"]
[EventRounds "11"]
[EventCountry "AUT"]
[WhiteTeam "ASK 1"]
[BlackTeam "Schwarzach"]

1. e4 e5 2. Nf3 Nc6 3. Bb5 Bc5 4. c3 Qf6 5. O-O Nge7 6. d3 h6 7. Be3 Bb6 8. a4
O-O 9. d4 d6 10. d5 Nb8 11. Nbd2 Bxe3 12. fxe3 c6 13. Bc4 cxd5 14. exd5 Ng6 15.
Bd3 Qe7 16. Bxg6 fxg6 17. Ne4 Nd7 18. Qd3 Rf7 19. Nfd2 Rxf1+ 20. Rxf1 b6 21. b4
Nf8 22. Nc4 Bf5 23. Ncxd6 Qd7 24. Nxf5 gxf5 25. Ng3 g6 26. Ra1 Rc8 27. c4 Qd6
28. Qb3 Nd7 29. a5 Qc7 30. c5 bxc5 31. bxc5 Qxc5 32. d6+ Qc4 33. Qb7 Qc6 34.
Qb3+ Qc4 35. Qb7 Qc3 36. Qxd7 Qxa1+ 37. Nf1 Rf8 38. Qe6+ Kg7 39. d7 Qxa5 40.
Qe7+ Kg8 41. Qe6+ Kh8 42. Qxg6 Qb6 43. Qe8 Qd6 44. Ng3 f4 45. exf4 Qc5+ 46. Kf1
Qb5+ 0-1

[Event "2. Bundesliga West 2012/13"]
[Site "Salzburg"]
[Date "2012.10.05"]
[Round "1"]
[Board "3"]
[White "Brumen, Dinko"]
[Black "Juergens, Klaus"]
[Result "1-0"]
[WhiteElo "2357"]
[BlackElo "2170"]
[PlyCount "101"]
[EventDate "2012.10.05"]
[EventType "team"]
[EventRounds "11"]
[EventCountry "AUT"]
[WhiteTeam "Schwarzach"]
[BlackTeam "ASK 1"]

1. d4 Nf6 2. Nf3 g6 3. g3 Bg7 4. c4 O-O 5. Bg2 d6 6. O-O Nc6 7. Nc3 a6 8. e4
Bg4 9. h3 Bxf3 10. Bxf3 Nd7 11. Be3 e5 12. d5 Nd4 13. Bg2 f5 14. Bxd4 exd4 15.
Ne2 Qf6 16. exf5 gxf5 17. Nf4 Nc5 18. b4 Nd7 19. Re1 Ne5 20. Ne6 Nxc4 21. Nxf8
Rxf8 22. Re6 Qf7 23. Qb3 b5 24. Rae1 f4 25. Re7 Qf6 26. Rxc7 Ne5 27. gxf4 Qxf4
28. Qg3 Qxg3 29. fxg3 Bh6 30. Be4 Be3+ 31. Kh1 h6 32. Rc2 Rf7 33. Rce2 Nc4 34.
Bd3 Re7 35. a4 Kg7 36. axb5 axb5 37. Kg2 Rf7 38. Rf1 Ra7 39. Rc2 Ne5 40. Bxb5
Rb7 41. Be2 Rxb4 42. Bh5 Rb7 43. h4 d3 44. Rc8 Bc5 45. Kh3 Ra7 46. Rff8 Be3 47.
Rfd8 Nf7 48. Rg8+ Kf6 49. Rce8 Bc5 50. Re6+ Kf5 51. Bg4# 1-0

[Event "2. Bundesliga West 2012/13"]
[Site "Salzburg"]
[Date "2012.10.05"]
[Round "1"]
[Board "4"]
[White "Loeffler, Christoph"]
[Black "Ljubic, Juro"]
[Result "1/2-1/2"]
[WhiteElo "2166"]
[BlackElo "2193"]
[PlyCount "80"]
[EventDate "2012.10.05"]
[EventType "team"]
[EventRounds "11"]
[EventCountry "AUT"]
[WhiteTeam "ASK 1"]
[BlackTeam "Schwarzach"]

1. e4 c5 2. Nf3 d6 3. d4 cxd4 4. Nxd4 Nf6 5. Nc3 g6 6. Bc4 Bg7 7. f3 Nc6 8. Be3
O-O 9. Qd2 Bd7 10. O-O-O Ne5 11. Bb3 Rc8 12. g4 b5 13. h4 a5 14. a3 b4 15. axb4
axb4 16. Nb1 Qa5 17. h5 Nc4 18. Qd3 Nxe3 19. Qxe3 Ba4 20. hxg6 hxg6 21. Ne6
Rxc2+ 22. Kxc2 fxe6 23. Kd2 Bxb3 24. Qxb3 d5 25. Ke2 Qa6+ 26. Qd3 Qa2 27. exd5
Nxd5 28. Kf2 Qxb2+ 29. Rd2 Qf6 30. Qe4 b3 31. Rd3 b2 32. g5 Qf7 33. Rb3 Rd8 34.
Rd1 Rc8 35. Rd2 Nf4 36. Kg3 Nh5+ 37. Kf2 Nf4 38. Kg3 Nh5+ 39. Kf2 Nf4 40. Kg3
Nh5+ 1/2-1/2

[Event "2. Bundesliga West 2012/13"]
[Site "Salzburg"]
[Date "2012.10.05"]
[Round "1"]
[Board "5"]
[White "Hajdarevic, Dino"]
[Black "Scheiblmaier, Robert"]
[Result "0-1"]
[WhiteElo "2044"]
[BlackElo "2135"]
[PlyCount "69"]
[EventDate "2012.10.05"]
[EventType "team"]
[EventRounds "11"]
[EventCountry "AUT"]
[WhiteTeam "Schwarzach"]
[BlackTeam "ASK 1"]

1. d4 d5 2. Nf3 c5 3. c4 e6 4. cxd5 exd5 5. g3 Nf6 6. Bg2 Nc6 7. O-O Be7 8. Nc3
O-O 9. Bg5 cxd4 10. Nxd4 h6 11. Bf4 Bg4 12. h3 Be6 13. Rc1 Qd7 14. Kh2 Rac8 15.
Nxc6 bxc6 16. Be5 Rfd8 17. Qc2 Bf5 18. Qa4 Qb7 19. Rfd1 Be6 20. Rd2 Nd7 21. Bd4
Nb6 22. Bxb6 Qxb6 23. e3 Bf6 24. Qc2 Qa5 25. a3 Rb8 26. Na4 c5 27. Nc3 c4 28.
Rcd1 Rxb2 29. Qxb2 Bxc3 30. Qc1 Bxd2 31. Rxd2 Qc5 32. Bf1 Rb8 33. Rc2 Rb3 34.
Rc3 Qb5 35. e4 0-1

[Event "2. Bundesliga West 2012/13"]
[Site "Salzburg"]
[Date "2012.10.05"]
[Round "1"]
[Board "6"]
[White "Herrmann, Michael"]
[Black "Huber, David"]
[Result "1/2-1/2"]
[WhiteElo "2149"]
[BlackElo "2126"]
[PlyCount "101"]
[EventDate "2012.10.05"]
[EventType "team"]
[EventRounds "11"]
[EventCountry "AUT"]
[WhiteTeam "ASK 1"]
[BlackTeam "Schwarzach"]

1. c4 Nf6 2. g3 g6 3. Bg2 Bg7 4. Nc3 O-O 5. e4 d6 6. Nge2 c6 7. O-O Qb6 8. d3
Bg4 9. h3 Bxe2 10. Qxe2 Nbd7 11. Be3 Qa5 12. a3 Rad8 13. b4 Qc7 14. Rac1 e5 15.
Qd2 a5 16. Bh6 Nh5 17. Bxg7 Kxg7 18. Ne2 axb4 19. axb4 Nhf6 20. d4 Rfe8 21.
Rfe1 h6 22. Kh2 Nf8 23. f4 exf4 24. Nxf4 g5 25. Nd3 Ng6 26. Qc3 Qe7 27. e5 Nd7
28. exd6 Qxd6 29. c5 Qc7 30. d5+ f6 31. d6 Qc8 32. Be4 Nde5 33. Rf1 Qe6 34.
Rce1 Qc4 35. Qxc4 Nxc4 36. Bxg6 Kxg6 37. Rxe8 Rxe8 38. Re1 Rxe1 39. Nxe1 Kf7
40. Nd3 Ke6 41. g4 Ne3 42. Kg3 f5 43. gxf5+ Nxf5+ 44. Kg4 Ng7 45. Nf2 Kf6 46.
Ne4+ Kg6 47. d7 Ne6 48. Nd6 h5+ 49. Kf3 Kf6 50. Nxb7 Ke7 51. Ke4 1/2-1/2

[Event "2. Bundesliga West 2012/13"]
[Site "Woergl"]
[Date "2012.10.06"]
[Round "2"]
[Board "1"]
[White "Wegener, Olaf"]
[Black "Votava, Jan"]
[Result "1/2-1/2"]
[WhiteElo "2423"]
[BlackElo "2520"]
[PlyCount "115"]
[EventDate "2012.10.05"]
[EventType "team"]
[EventRounds "11"]
[EventCountry "AUT"]
[WhiteTeam "Rochade Rum"]
[BlackTeam "Zillertal"]

1. e4 c5 2. Nf3 d6 3. d4 cxd4 4. Nxd4 Nf6 5. Nc3 a6 6. Be3 e5 7. Nf3 Qc7 8. a4
Be7 9. a5 Nc6 10. Bb6 Qd7 11. Nd5 O-O 12. Nd2 Nxd5 13. exd5 Nd8 14. Be2 f5 15.
O-O Nf7 16. f4 Bf6 17. Nc4 Qe7 18. fxe5 Nxe5 19. Bd4 Nxc4 20. Bxc4 Bd7 21. Re1
Qf7 22. Qd2 Rae8 23. Rad1 Rxe1+ 24. Rxe1 Re8 25. Rxe8+ Bxe8 26. b4 Kf8 27. Qe3
Qe7 28. Bd3 Bf7 29. Qf2 g6 30. Bc4 Kg7 31. Bxf6+ Kxf6 32. Qd2 Qe4 33. Qc3+ Qe5
34. Qd2 g5 35. Bb3 h5 36. c4 h4 37. c5 f4 38. h3 Ke7 39. Kf2 Kf6 40. Bc4 Ke7
41. Qe2 Qxe2+ 42. Kxe2 Bh5+ 43. Kf2 Kd7 44. Be2 Bf7 45. Bf3 Kc7 46. Ke2 Bg6 47.
Kd2 Bf5 48. Kc3 Bg6 49. Kd4 Bf7 50. Be2 Bg6 51. Bg4 Bc2 52. Bf3 Bg6 53. Kc4 Be8
54. Bg4 Bg6 55. Bf3 Be8 56. Kd4 Bg6 57. Be4 Bh5 58. Bf3 1/2-1/2

[Event "2. Bundesliga West 2012/13"]
[Site "Woergl"]
[Date "2012.10.06"]
[Round "2"]
[Board "2"]
[White "Lanka, Zigurds"]
[Black "Fedorovsky, Michael"]
[Result "0-1"]
[WhiteElo "2422"]
[BlackElo "2401"]
[PlyCount "92"]
[EventDate "2012.10.05"]
[EventType "team"]
[EventRounds "11"]
[EventCountry "AUT"]
[WhiteTeam "Zillertal"]
[BlackTeam "Rochade Rum"]

1. e4 c5 2. Nf3 Nc6 3. d4 cxd4 4. Nxd4 Nf6 5. Nc3 e5 6. Ndb5 d6 7. Bg5 a6 8.
Na3 b5 9. Nd5 Be7 10. Bxf6 Bxf6 11. c3 O-O 12. h4 Ne7 13. Nxf6+ gxf6 14. Nc2 d5
15. Bd3 f5 16. exf5 Nxf5 17. Qd2 Be6 18. O-O-O e4 19. Be2 Rc8 20. Kb1 Qf6 21.
Qf4 Kg7 22. g4 Ne7 23. Qe3 Ng6 24. h5 Nf4 25. g5 Qe5 26. Nd4 Ng2 27. Qd2 Qf4
28. Nxe6+ fxe6 29. Qd4+ Kg8 30. h6 Rc7 31. Qb6 Qe5 32. Bg4 Nf4 33. Qxa6 b4 34.
c4 dxc4 35. g6 hxg6 36. h7+ Kh8 37. Qd6 Qxd6 38. Rxd6 c3 39. bxc3 bxc3 40. Kc2
Nd3 41. f3 Nb4+ 42. Kb3 c2 43. Kxb4 Rb8+ 44. Ka5 Ra7+ 45. Ra6 Rxa6+ 46. Kxa6
Rb1 0-1

[Event "2. Bundesliga West 2012/13"]
[Site "Woergl"]
[Date "2012.10.06"]
[Round "2"]
[Board "3"]
[White "Gatterer, Florian"]
[Black "Hausner, Ivan"]
[Result "1/2-1/2"]
[WhiteElo "2267"]
[BlackElo "2408"]
[PlyCount "79"]
[EventDate "2012.10.05"]
[EventType "team"]
[EventRounds "11"]
[EventCountry "AUT"]
[WhiteTeam "Rochade Rum"]
[BlackTeam "Zillertal"]

1. d4 e6 2. Nf3 f5 3. g3 Nf6 4. Bg2 Be7 5. O-O O-O 6. c4 d6 7. Nc3 a5 8. Re1
Ne4 9. Qd3 Nxc3 10. Qxc3 Bf6 11. Qd3 Nc6 12. e4 e5 13. dxe5 dxe5 14. Qxd8 Rxd8
15. exf5 Bxf5 16. Nd2 Nb4 17. Be4 Nc2 18. Bxc2 Bxc2 19. Nf1 Bd3 20. Ne3 e4 21.
Nd5 Be5 22. Bg5 Rf8 23. Nc3 Rae8 24. Rac1 Bxc4 25. Rxe4 Bd3 26. Re3 Bg6 27.
Rce1 Bd4 28. Rxe8 Rxe8 29. Rxe8+ Bxe8 30. Be3 Be5 31. Kf1 a4 32. a3 b5 33. Bc5
c6 34. Ke2 Bg6 35. Ke3 Kf7 36. f4 Bc7 37. Ne4 Bf5 38. Nd6+ Bxd6 39. Bxd6 Ke6
40. Bf8 1/2-1/2

[Event "2. Bundesliga West 2012/13"]
[Site "Woergl"]
[Date "2012.10.06"]
[Round "2"]
[Board "4"]
[White "Kleissl, Helmut"]
[Black "Hoellrigl, Wilfried"]
[Result "1-0"]
[WhiteElo "2290"]
[BlackElo "2199"]
[PlyCount "70"]
[EventDate "2012.10.05"]
[EventType "team"]
[EventRounds "11"]
[EventCountry "AUT"]
[WhiteTeam "Zillertal"]
[BlackTeam "Rochade Rum"]

1. Nf3 Nf6 2. c4 g6 3. g3 Bg7 4. Bg2 O-O 5. O-O d5 6. cxd5 Nxd5 7. d4 Nc6 8. e3
Rb8 9. Qe2 e6 10. Bd2 e5 11. Nxe5 Nxe5 12. dxe5 Bxe5 13. Nc3 Nxc3 14. Bxc3 Bxc3
15. bxc3 Qf6 16. Qc4 Qe7 17. h4 Be6 18. Qf4 Rfd8 19. Rfd1 b6 20. h5 g5 21. Qe5
f6 22. Qe4 Qf7 23. Qc6 Kg7 24. a3 Bb3 25. Rd4 Rxd4 26. cxd4 Rd8 27. Rc1 Rd7 28.
e4 Qe6 29. Qc3 Ba4 30. d5 Qd6 31. Qd4 Bb5 32. Qe3 g4 33. h6+ Kg6 34. Qb3 c6 35.
dxc6 Qd3 1-0

[Event "2. Bundesliga West 2012/13"]
[Site "Woergl"]
[Date "2012.10.06"]
[Round "2"]
[Board "5"]
[White "Jedinger, Andreas"]
[Black "Tabernig, Bernhard"]
[Result "0-1"]
[WhiteElo "2174"]
[BlackElo "2327"]
[PlyCount "116"]
[EventDate "2012.10.05"]
[EventType "team"]
[EventRounds "11"]
[EventCountry "AUT"]
[WhiteTeam "Rochade Rum"]
[BlackTeam "Zillertal"]

1. e4 e6 2. d4 d5 3. Nc3 Nf6 4. e5 Nfd7 5. f4 c5 6. Nf3 Nc6 7. Be3 Qb6 8. Na4
Qa5+ 9. c3 b6 10. Bd3 Ba6 11. Bc2 Bb5 12. Kf2 Be7 13. h4 f6 14. exf6 Nxf6 15.
Ng5 cxd4 16. Bxd4 Nxd4 17. Qxd4 Rc8 18. Qd1 Rc4 19. Nxe6 Bxa4 20. b3 Qxc3 21.
Rc1 Re4 22. Bd3 Qb4 23. Bxe4 Nxe4+ 24. Kg1 Bd7 25. Qxd5 Nc5 26. Qa8+ Kf7 27.
Qxh8 Bxe6 28. Qb8 Qd2 29. Kh2 Bd6 30. Qxa7+ Kf6 31. Rcf1 Bxf4+ 32. Rxf4+ Qxf4+
33. Kg1 Qe3+ 34. Kh2 Qf4+ 35. Kg1 Qd4+ 36. Kh2 Qxh4+ 37. Kg1 Qe1+ 38. Kh2 Qh4+
39. Kg1 Qd4+ 40. Kh2 Ne4 41. Rf1+ Kg6 42. Qb8 Nf6 43. Qf4 Ng4+ 44. Kg3 Qd5 45.
Re1 Bf5 46. Re2 h5 47. Rd2 Qe5 48. b4 Qb5 49. Kh4 Nf6 50. Qg5+ Kf7 51. Qf4 Ne4
52. a4 Qxb4 53. Rd7+ Ke6 54. Rxg7 Qe1+ 55. Kxh5 Qh1+ 56. Qh4 Nf6+ 57. Kg5 Qc1+
58. Qf4 Ne4+ 0-1

[Event "2. Bundesliga West 2012/13"]
[Site "Woergl"]
[Date "2012.10.06"]
[Round "2"]
[Board "6"]
[White "Kroell, Johannes"]
[Black "Moroder, Stefan"]
[Result "0-1"]
[WhiteElo "2205"]
[BlackElo "2112"]
[PlyCount "74"]
[EventDate "2012.10.05"]
[EventType "team"]
[EventRounds "11"]
[EventCountry "AUT"]
[WhiteTeam "Zillertal"]
[BlackTeam "Rochade Rum"]

1. Nc3 d5 2. e4 d4 3. Nce2 c5 4. Ng3 Nc6 5. Nf3 h5 6. h4 Bg4 7. Bc4 e6 8. d3 a6
9. a4 Bd6 10. Bg5 Qc7 11. Ne2 Bxf3 12. gxf3 Ne5 13. Rh3 Nxc4 14. dxc4 f6 15.
Bd2 Ne7 16. f4 Ng6 17. Qc1 f5 18. e5 Be7 19. Ng3 Qc6 20. Ke2 Rd8 21. Qh1 Qd7
22. Kd3 b5 23. axb5 axb5 24. b3 Kf7 25. Ra6 bxc4+ 26. bxc4 Bxh4 27. Rxh4 Nxh4
28. Qxh4 Qb7 29. Rd6 Qf3+ 30. Be3 dxe3 31. fxe3 Qd1+ 32. Kc3 Qe1+ 33. Kd3 Rxd6+
34. exd6 Qd1+ 35. Kc3 Qxd6 36. Nxh5 Rd8 37. Qf2 Qb6 0-1

[Event "2. Bundesliga West 2012/13"]
[Site "Woergl"]
[Date "2012.10.06"]
[Round "2"]
[Board "1"]
[White "Bayer, Bernhard"]
[Black "Zelbel, Patrick"]
[Result "1/2-1/2"]
[WhiteElo "2449"]
[BlackElo "2357"]
[PlyCount "105"]
[EventDate "2012.10.05"]
[EventType "team"]
[EventRounds "11"]
[EventCountry "AUT"]
[WhiteTeam "Schwaz"]
[BlackTeam "Kufstein / Woergl"]

1. c4 c5 2. Nc3 Nc6 3. g3 g6 4. Bg2 Bg7 5. Nf3 e6 6. e3 Nge7 7. d4 cxd4 8. Nxd4
d5 9. cxd5 Nxd4 10. exd4 Nxd5 11. Nxd5 exd5 12. Qa4+ Bd7 13. Qb4 Be6 14. Be3
Qe7 15. Qxe7+ Kxe7 16. Kd2 Rac8 17. Rhc1 Kd7 18. Rc3 Rc6 19. Rb3 Rb6 20. Rxb6
axb6 21. Bf1 Rc8 22. Bb5+ Kd6 23. Re1 Ke7 24. Rc1 Rxc1 25. Kxc1 Bd7 26. Be2 h5
27. Kd2 Bf5 28. Kc3 Bf8 29. Bf4 Kd7 30. Bb5+ Kc8 31. Be8 Be6 32. Bg5 Bg7 33.
Be7 Kc7 34. h3 Kc8 35. g4 hxg4 36. hxg4 Kc7 37. g5 Kc8 38. a4 Kc7 39. b4 Kc8
40. f4 Kc7 41. a5 bxa5 42. bxa5 Kc8 43. Bc5 Kd8 44. Bb5 Bd7 45. Bf1 Bc6 46. Bd3
Bd7 47. Kb4 Kc7 48. Bb6+ Kd6 49. Ba7 Kc7 50. Be2 f5 51. Bc5 Bc6 52. Bb5 Kd7 53.
Ka4 1/2-1/2

[Event "2. Bundesliga West 2012/13"]
[Site "Woergl"]
[Date "2012.10.06"]
[Round "2"]
[Board "2"]
[White "Bertagnolli, Alexander"]
[Black "Deglmann, Ludwig"]
[Result "1/2-1/2"]
[WhiteElo "2352"]
[BlackElo "2323"]
[PlyCount "99"]
[EventDate "2012.10.05"]
[EventType "team"]
[EventRounds "11"]
[EventCountry "AUT"]
[WhiteTeam "Kufstein / Woergl"]
[BlackTeam "Schwaz"]

1. d4 f5 2. g4 fxg4 3. h3 g3 4. fxg3 d5 5. c4 e6 6. e4 dxe4 7. Nc3 Nf6 8. Bg2
c5 9. d5 exd5 10. cxd5 Bd6 11. Nge2 O-O 12. Bg5 h6 13. Bxf6 Qxf6 14. Rf1 Qg6
15. Rxf8+ Kxf8 16. Nxe4 Bxh3 17. Nxd6 Bxg2 18. Kf2 Qxd6 19. Kxg2 Nd7 20. Qd3
Kg8 21. Rf1 Re8 22. Nf4 Nf6 23. Rf2 Re5 24. Rd2 a6 25. a4 Re4 26. Nh5 Rd4 27.
Nxf6+ Qxf6 28. Qe3 Rxd2+ 29. Qxd2 Qd4 30. Qxd4 cxd4 31. Kf3 h5 32. Ke4 g5 33.
Kxd4 h4 34. gxh4 gxh4 35. Kc5 h3 36. d6 Kf7 37. Kb6 Ke6 38. Kc7 h2 39. d7 h1=Q
40. d8=Q Qc6+ 41. Kb8 Qxa4 42. Qg8+ Kd6 43. Qf8+ Kd5 44. Qf7+ Kc5 45. Qe7+ Kc4
46. Qe6+ Kb4 47. Qd6+ Kb3 48. Qd1+ Kb4 49. Qd4+ Kb3 50. Qd1+ 1/2-1/2

[Event "2. Bundesliga West 2012/13"]
[Site "Woergl"]
[Date "2012.10.06"]
[Round "2"]
[Board "3"]
[White "Fuchs, Georg"]
[Black "Berchtenbreiter, Maximilian"]
[Result "0-1"]
[WhiteElo "2308"]
[BlackElo "2336"]
[PlyCount "80"]
[EventDate "2012.10.05"]
[EventType "team"]
[EventRounds "11"]
[EventCountry "AUT"]
[WhiteTeam "Schwaz"]
[BlackTeam "Kufstein / Woergl"]

1. e4 c6 2. d4 d5 3. Nc3 g6 4. Nf3 Bg7 5. h3 a6 6. Bf4 b5 7. a3 Nf6 8. e5 Nh5
9. Bh2 Bf8 10. Qd2 Ng7 11. g4 Nd7 12. O-O-O Nb6 13. Kb1 a5 14. Na2 h5 15. Rg1
hxg4 16. hxg4 Nc4 17. Bxc4 dxc4 18. Bf4 Be6 19. Ng5 Bd5 20. f3 Ne6 21. Rh1 Rg8
22. Rh7 Qb6 23. Nxe6 fxe6 24. Qe3 b4 25. a4 c5 26. Bg5 Qc6 27. Qf4 Rg7 28. Rdh1
Qxa4 29. Nc1 c3 30. Rh8 Rf7 31. R1h7 Rxh7 32. Rxf8+ Kd7 33. Rxa8 Bxa8 34. Qf8
cxb2 35. Kxb2 c4 36. Qxa8 c3+ 37. Kb1 Qa3 38. Qb7+ Ke8 39. Nd3 Rh1+ 40. Bc1
Rxc1+ 0-1